000 00405nam a22001697a 4500
005 20160618124945.0
008 160618b xxu||||| |||| 00| 0 eng d
020 _a81-203-1747-7
041 _aeng
082 _b8132
100 _aMishra. R.C and Pathak K
_92214
245 _aMaintenance Engireering and Management
260 _bPHI
_c2003
300 _a210
650 _aManagement
_9241
942 _cBK
999 _c3099
_d3098